000 00418nam a2200145Ia 4500
005 20250729165817.0
008 250729s2014 xx 000 0 und d
041 _akan
082 _a370.25 LAKS
100 _aDr.N.Lakshmi
_9233537
245 _aShikshana shastra vishaya Vishwakosha samputa - 2
260 _aMysore
_bKarnataka Rajya Muktha Vishwa Vidya Nilaya
_c2014
300 _a779p
650 _aEducation
_9233538
999 _c240329
_d240329